<?xml version="1.0" encoding="UTF-8"?>
<record
    xmlns:xsi="http://www.w3.org/2001/XMLSchema-instance"
    xsi:schemaLocation="http://www.loc.gov/MARC21/slim http://www.loc.gov/standards/marcxml/schema/MARC21slim.xsd"
    xmlns="http://www.loc.gov/MARC21/slim">

  <leader>00681nam a22002057a 4500</leader>
  <datafield tag="999" ind1=" " ind2=" ">
    <subfield code="c">57581</subfield>
    <subfield code="d">57581</subfield>
  </datafield>
  <controlfield tag="005">20200806144533.0</controlfield>
  <controlfield tag="008">200806s2019    eng||||| |||| 00| 0 enk d</controlfield>
  <datafield tag="020" ind1=" " ind2=" ">
    <subfield code="a">9789352706860</subfield>
  </datafield>
  <datafield tag="050" ind1=" " ind2=" ">
    <subfield code="a">eng</subfield>
  </datafield>
  <datafield tag="080" ind1=" " ind2=" ">
    <subfield code="a">617.7 K-42</subfield>
  </datafield>
  <datafield tag="100" ind1=" " ind2=" ">
    <subfield code="a">Khurana, Ak.</subfield>
    <subfield code="9">9124</subfield>
  </datafield>
  <datafield tag="245" ind1=" " ind2=" ">
    <subfield code="a">Comprehensive Ophthalmology /</subfield>
    <subfield code="c">AK Khurana, Aruj K Khurana, Bhawna P Khurana.</subfield>
  </datafield>
  <datafield tag="264" ind1=" " ind2=" ">
    <subfield code="a">New Delhi:</subfield>
    <subfield code="b">Jaype,</subfield>
    <subfield code="c">2019.</subfield>
  </datafield>
  <datafield tag="300" ind1=" " ind2=" ">
    <subfield code="a">662 p. </subfield>
    <subfield code="b">25 cm.</subfield>
  </datafield>
  <datafield tag="653" ind1=" " ind2=" ">
    <subfield code="a">&#x10D7;&#x10D5;&#x10D0;&#x10DA;&#x10D8;&#x10E1; &#x10D3;&#x10D0;&#x10D0;&#x10D5;&#x10D0;&#x10D3;&#x10D4;&#x10D1;&#x10D4;&#x10D1;&#x10D8;</subfield>
  </datafield>
  <datafield tag="653" ind1=" " ind2=" ">
    <subfield code="a">&#x10DD;&#x10E4;&#x10D7;&#x10D0;&#x10DA;&#x10DB;&#x10DD;&#x10DA;&#x10DD;&#x10D2;&#x10D8;&#x10D0;</subfield>
  </datafield>
  <datafield tag="700" ind1=" " ind2=" ">
    <subfield code="a">Khurana, Aruj K </subfield>
    <subfield code="e">&#x10D0;&#x10D5;&#x10E2;&#x10DD;&#x10E0;&#x10D8;</subfield>
    <subfield code="9">9125</subfield>
  </datafield>
  <datafield tag="700" ind1=" " ind2=" ">
    <subfield code="a">Khurana, Bhawna P</subfield>
    <subfield code="e">&#x10D0;&#x10D5;&#x10E2;&#x10DD;&#x10E0;&#x10D8;</subfield>
    <subfield code="9">9126</subfield>
  </datafield>
  <datafield tag="942" ind1=" " ind2=" ">
    <subfield code="2">udc</subfield>
    <subfield code="c">BK</subfield>
  </datafield>
  <datafield tag="952" ind1=" " ind2=" ">
    <subfield code="0">0</subfield>
    <subfield code="1">0</subfield>
    <subfield code="2">udc</subfield>
    <subfield code="4">0</subfield>
    <subfield code="6">6177_K42</subfield>
    <subfield code="7">0</subfield>
    <subfield code="9">89304</subfield>
    <subfield code="a">CPL</subfield>
    <subfield code="b">CPL</subfield>
    <subfield code="c">GEN</subfield>
    <subfield code="d">2020-08-06</subfield>
    <subfield code="g">71.00</subfield>
    <subfield code="o">617.7 K-42</subfield>
    <subfield code="p">60614</subfield>
    <subfield code="r">2020-08-06</subfield>
    <subfield code="t">60614</subfield>
    <subfield code="w">2020-08-06</subfield>
    <subfield code="y">BK</subfield>
    <subfield code="z">71 &#x10DA;.</subfield>
  </datafield>
  <datafield tag="952" ind1=" " ind2=" ">
    <subfield code="0">0</subfield>
    <subfield code="1">0</subfield>
    <subfield code="2">udc</subfield>
    <subfield code="4">0</subfield>
    <subfield code="6">6177_K42</subfield>
    <subfield code="7">0</subfield>
    <subfield code="9">89551</subfield>
    <subfield code="a">CPL</subfield>
    <subfield code="b">CPL</subfield>
    <subfield code="c">GEN</subfield>
    <subfield code="d">2020-09-10</subfield>
    <subfield code="g">79.00</subfield>
    <subfield code="o">617.7 K-42</subfield>
    <subfield code="p">61027</subfield>
    <subfield code="r">2020-09-10</subfield>
    <subfield code="t">61027</subfield>
    <subfield code="w">2020-09-10</subfield>
    <subfield code="y">BK</subfield>
    <subfield code="z">79&#x10DA;.15&#x10D7;.</subfield>
  </datafield>
</record>
